Cities In Québec - Sudden Death - Statistics

General Stats
  • This quiz has been taken 55 times
  • The average score is 14 of 23
Answers on the Grid
Answers color-coded by a green-red scale on the quiz's grid according to % correct below.
Airdrie
Barrie
Beaumont
Blainville
Brossard
Châteauguay
Coquitlam
Dauphin
Dieppe
Drummondville
Esquimalt
Gander
Gatineau
Granby
Guelph
Laval
Lévis
Longueuil
Montréal
Portage la Prairie
Québec City
Quispamsis
Rimouski
Rivière-du-Loup
Saguenay
Saint-Hyacinthe
Saint-Jean-sur-Richelieu
Saint-Jérôme
Sept-Îles
Shawinigan
Shediac
Sherbrooke
Souris
Trois-Rivières
Val-d'Or
Victoriaville
 
Answer Stats
Answer % Correct
Québec City
76%
Montréal
74%
Gatineau
71%
Trois-Rivières
71%
Drummondville
66%
Longueuil
66%
Brossard
63%
Granby
63%
Lévis
63%
Saguenay
63%
Saint-Hyacinthe
63%
Châteauguay
61%
Laval
61%
Rivière-du-Loup
61%
Saint-Jean-sur-Richelieu
61%
Sept-Îles
61%
Saint-Jérôme
58%
Shawinigan
58%
Rimouski
55%
Sherbrooke
55%
Val-d'Or
55%
Blainville
50%
Victoriaville
47%
No matching quizzes found
Score Distribution
Percent of People with Each Score
Percentile by Number Answered
Your Score History
You have not taken this quiz